20 Największych miast w Wielkopolsce - Statystyki

Ogólne statystyki
  • Ten quiz został rozwiązany 273 razy
  • Średni wynik to 14 z 20
Statystyki odpowiedzi
Numer Miasto % Poprawnych
1 Poznań
100%
2 Kalisz
93%
3 Konin
90%
4 Piła
87%
7 Leszno
85%
6 Gniezno
84%
5 Ostrów Wielkopolski
81%
9 Września
70%
14 Jarocin
65%
18 Koło
64%
17 Środa Wielkopolska
59%
11 Śrem
59%
20 Rawicz
56%
10 Swarzędz
56%
8 Lubon
55%
12 Krotoszyn
55%
13 Turek
54%
15 Wągrowiec
52%
16 Kościan
49%
19 Gostyń
48%
Nie znaleziono quizów pasujących do podanych kryteriów
Rozkład punktacji
Procent ludzi z każdym wynikiem
Percentyl według liczby udzielonych odpowiedzi
Twoja historia wyników
Nie rozwiązałeś tego quizu